000 00413 a2200157 4500
005 20250627101555.0
020 _a0-07-252812-5
082 _a658.15'11GAR
100 _aGARRISON, R. H.
245 _aManagerial Accounting,
250 _a10th Ed.
260 _aNew York,
_bMcGraw- Hill,
_c2003.
300 _axxxv, 838p,: ill.; figure, table
_bGlossary & Index
_c28cm
700 _aNOREEN, E. W.
942 _2ddc
_cBKS
999 _c5589
_d5589